000 00328nam a2200133Ia 4500
008 150301s2015 xx 000 0 und d
082 _a615.4
_bG13W
100 _aWAGHULKAR, VIJAY M
245 _aGPAT: A COMPANION 2013- EXAM PHARMACY
260 _bAITBS DELHI
300 _a518
650 _aPHARMACEUTICS
942 _2ddc
_cBK
_02
999 _c7294
_d7294